Синдром "профессионального выгорания"; Энергия молодых - экономике России; Ч. 3

Bibliografiset tiedot
Parent link:Энергия молодых - экономике России: труды IX Международной научно-практической конференции студентов и молодых ученых, г. Томск, 19-22 мая 2008 г./ Томский политехнический университет (ТПУ) ; Вольное экономическое общество России ; Международный союз экономистов (МСЭ).— , 2008
Ч. 3.— 2008.— С. 62-64
Päätekijä: Денисюк А. С.
Kieli:venäjä
Julkaistu: 2008
Aiheet:
Aineistotyyppi: Kirjan osa
KOHA link:https://koha.lib.tpu.ru/cgi-bin/koha/opac-detail.pl?biblionumber=160477

MARC

LEADER 00000naa2a2200000 4500
001 160477
005 20231031155558.0
035 |a (RuTPU)RU\TPU\book\174023 
090 |a 160477 
100 |a 20090522d2008 k y0rusy50 ca 
101 0 |a rus 
102 |a RU 
200 1 |a Синдром "профессионального выгорания"  |f А. С. Денисюк 
320 |a Библиогр.: 2 назв. 
461 1 |0 (RuTPU)RU\TPU\book\166087  |t Энергия молодых - экономике России  |o труды IX Международной научно-практической конференции студентов и молодых ученых, г. Томск, 19-22 мая 2008 г.  |f Томский политехнический университет (ТПУ) ; Вольное экономическое общество России ; Международный союз экономистов (МСЭ)  |d 2008 
463 0 |0 (RuTPU)RU\TPU\book\164805  |t Ч. 3  |v С. 62-64  |d 2008 
610 1 |a психология 
610 1 |a профессионализм 
610 1 |a профессиональное выгорание 
610 1 |a коммуникативность 
610 1 |a кадры 
610 1 |a эмоциональное истощение 
610 1 |a стресс 
610 1 |a отдых 
610 1 |a режим работы 
610 1 |a труды учёных ТПУ 
700 1 |a Денисюк  |b А. С. 
801 1 |a RU  |b 63413507  |c 20090522  |g PSBO 
801 2 |a RU  |b 63413507  |c 20161124  |g RCR 
942 |c BK